[Event "TUR-chT Superleague 2018"]
[Site "Ankara"]
[Date "2018.07.25"]
[Round "1"]
[White "Selbes, Tarik"]
[Black "Sel, Sedat"]
[Result "1-0"]
[WhiteElo "2330"]
[BlackElo "1689"]
[Annotator "NA"]
[PlyCount "97"]
[EventDate "2018.07.25"]
[EventType "team-tourn"]
[EventCountry "TUR"]
[SourceTitle "playchess.com"]
[Source "ChessBase"]
[SourceQuality "1"]
[TimeControl "40/5400+30:1800+30"]

1. Nf3 {[%emt 0:00:30]} Nf6 {[%emt 0:01:30]} 2. g3 {[%emt 0:00:00]} g6 {[%emt 0:00:30]} 3. b3 {[%emt 0:00:00]} Bg7 {[%emt 0:00:30]} 4. Bb2 {[%emt 0:00:30]} O-O {[%emt 0:00:30]} 5. Bg2 {[%emt 0:00:00]} c5 {[%emt 0:03:30]} 6. c4 {[%emt 0:00:00]} Nc6 {[%emt 0:00:00]} 7. O-O {[%emt 0:00:30]} d5 {[%emt 0:01:00]} 8. cxd5 {[%emt 0:00:30]} Nxd5 {[%emt 0:00:00]} 9. Bxg7 {[%emt 0:00:00]} Kxg7 {[%emt 0:00:00]} 10. Qc1 {[%emt 0:04:00]} Qd6 {[%emt 0:01:30]} 11. Na3 {[%emt 0:01:30]} b6 {[%emt 0:01:30]} 12. Nb5 {[%emt 0:20:30]} Qf6 {[%emt 0:05:30]} 13. e4 {[%emt 0:01:30]} Ndb4 {[%emt 0:00:30]} 14. a3 {[%emt 0:04:30]} Ba6 {[%emt 0:04:30]} 15. axb4 {[%emt 0:17:30]} Bxb5 {[%emt 0:01:30]} 16. bxc5 {[%emt 0:00:00]} Bxf1 {[%emt 0:00:30]} 17. Kxf1 {[%emt 0:00:00]} Rad8 {[%emt 0:00:30]} 18. cxb6 {[%emt 0:04:30]} axb6 {[%emt 0:00:30]} 19. Ra4 {[%emt 0:00:30]} Rd3 {[%emt 0:00:30]} 20. Rc4 {[%emt 0:14:30]} Rxf3 {[%emt 0:08:30]} 21. Bxf3 {[%emt 0:08:30]} Ne5 {[%emt 0:00:00]} 22. Be2 {[%emt 0:00:30]} Nxc4 {[%emt 0:00:00]} 23. Qxc4 {[%emt 0:03:20]} Rd8 {[%emt 0:01:30]} 24. d3 {[%emt 0:00:46]} Qa1+ {[%emt 0:02:30]} 25. Kg2 {[%emt 0:00:30]} Qe1 {[%emt 0:00:30]} 26. d4 {[%emt 0:00:25]} Ra8 {[%emt 0:00:30]} 27. d5 {[%emt 0:01:00]} Ra2 {[%emt 0:00:30]} 28. Qd4+ {[%emt 0:01:54]} f6 {[%emt 0:11:30]} 29. Bf3 {[%emt 0:11:27]} Rd2 {[%emt 0:00:00]} 30. Qxb6 {[%emt 0:00:13]} Rb2 {[%emt 0:01:00]} 31. Qc5 {[%emt 0:00:52]} Kf7 {[%emt 0:02:30]} 32. d6 {[%emt 0:04:37]} exd6 {[%emt 0:00:30]} 33. Qa7+ {[%emt 0:00:04]} Ke6 {[%emt 0:03:30]} 34. Bg4+ {[%emt 0:00:09]} f5 {[%emt 0:02:30]} 35. exf5+ {[%emt 0:00:02]} gxf5 {[%emt 0:02:30]} 36. Bxf5+ {[%emt 0:00:10]} Kf6 {[%emt 0:18:30]} 37. Bd3 {[%emt 0:01:05]} Qe5 {[%emt 0:07:30]} 38. Qxh7 {[%emt 0:00:40]} d5 {[%emt 0:02:34]} 39. h4 {[%emt 0:01:29]} Rxb3 {[%emt 0:02:29]} 40. h5 {[%emt 0:00:00]} Qg5 {[%emt 0:00:00]} 41. Bg6 {[%emt 0:06:47]} Ke6 {[%emt 0:19:57]} 42. Qf7+ {[%emt 0:07:54]} Kd6 {[%emt 0:00:30]} 43. Qa7 {[%emt 0:12:19]} Qd8 {[%emt 0:08:10]} 44. Qd4 {[%emt 0:01:54]} Qf8 {[%emt 0:01:19]} 45. f4 {[%emt 0:00:37]} Qe7 {[%emt 0:00:22]} 46. Kh3 {[%emt 0:01:15]} Qe3 {[%emt 0:04:37]} 47. Qxe3 {[%emt 0:00:41]} Rxe3 {[%emt 0:00:35]} 48. h6 {[%emt 0:00:19]} Re6 {[%emt 0:00:15]} 49. h7 {[%emt 0:00:14]} 1-0

[Event "TUR-chT Superleague 2018"]
[Site "Ankara"]
[Date "2018.07.25"]
[Round "1"]
[White "Kilic, Efe Mert"]
[Black "Gledura, Benjamin"]
[Result "0-1"]
[WhiteElo "2317"]
[BlackElo "2626"]
[Annotator "TA"]
[PlyCount "114"]
[EventDate "2018.07.25"]
[EventType "team-tourn"]
[EventCountry "TUR"]
[SourceTitle "playchess.com"]
[Source "ChessBase"]
[SourceQuality "1"]

{[%evp 10,114,0,-6,2,-27,0,0,0,0,0,0,15,0,2,0,0,0,0,0,0,0,0,0,-14,-26,94,22,95,10,0,0,0,-3,-10,-35,-18,-310,-310,-302,-301,-300,-285,-279,0,0,0,0,0,0,0,0,0,0,0,0,0,0,0,0,0,0,0,0,0,0,0,0,0,0,0,0,0,0,0,-52,-54,-62,-54,-160,-159,-159,-132,-162,-162,-158,-101,-90,-80,-66,0,0,0,0,0,-5073,-4706,-1403,-1542,-29986,-29987,-29987,-29988,-29988,-29989,-29993,-29994]} 1. e4 c5 2. Nf3 Nc6 3. b3 e6 4. Bb2 a6 5. Nc3 Qc7 6. Qe2 {LiveBook: 3 Games. B40: Sicilian: 2...e6, Unusual lines} Nf6 7. O-O-O (7. e5 $5 {[%cal Re5f6]} Ng4 8. O-O-O $11) 7... d6 8. d4 {The position is equal.} cxd4 9. Nxd4 Nxd4 10. Rxd4 Be7 11. Kb1 $146 ({Predecessor:} 11. h3 b5 12. f4 Nd7 13. Qd2 {1-0 (47) Amonatov,F (2608)-Nitin,S (2432) Kolkata 2018}) 11... O-O 12. g4 e5 13. Rc4 $36 {[%mdl 2048] White is more active.} Qd8 $1 14. g5 Nd7 15. Nd5 Bxg5 16. Rg1 Bh6 17. f4 f6 (17... Kh8 $1 $11 {keeps the balance.}) 18. Rc7 (18. Nc7 $1 $16 {[%cal Rc7a8]} b5 19. Rc3 (19. Nxa8 bxc4 20. Qxc4+ Kh8 $15)) 18... exf4 (18... Kh8 $11 {remains equal.}) 19. Qh5 (19. Qg2 $1 $16) 19... Kh8 $11 20. Bh3 Ne5 21. Bxc8 Rxc8 22. Rxb7 Qe8 23. Nxf4 $2 {[%mdl 8192]} (23. Qd1 $11 {and White has nothing to worry.}) 23... Qc6 $1 $19 {[%cal Rc6b7]} (23... Bxf4 24. Qxe8 Rfxe8 25. Rgxg7 $11) 24. Rbxg7 Qxc2+ 25. Ka1 Bxg7 26. Bxe5 {Threatening Ng6+.} Qxe4 $2 ({Stronger than} 26... fxe5 27. Ng6+ Kg8 28. Ne7+ Kh8 29. Ng6+ Kg8 30. Ne7+ Kh8 31. Ng6+ $11) (26... Rfe8 $1 $19 27. Qf7 Qc7 28. Qxc7 Rxc7) 27. Ng6+ $1 $11 Kg8 28. Ne7+ Kh8 29. Ng6+ $1 {[#]} Qxg6 $1 {[%mdl 512]} 30. Rxg6 dxe5 31. Rg3 f5 32. Rh3 {[%csl Gh3][%cal Rh5h7]} e4+ 33. Kb1 {[%csl Gh3][%cal Rh5h7]} h6 34. Qg6 Rc7 35. Qd6 Rcf7 36. Qf4 ({Of course not} 36. Qxa6 Rf6 $17) 36... Rc8 37. Rxh6+ Bxh6 38. Qxh6+ {[%mdl 4096] Endgame KQ-KRR} Kg8 39. Qg6+ Kf8 40. Qd6+ Kg7 41. Qg3+ Kh8 42. Qe5+ (42. Qg6 $11 Rcc7 43. Qh6+ Kg8 44. Qg6+ Kh8 45. h4) 42... Kh7 $15 43. h4 Rcc7 {...Rce7 is the strong threat.} 44. h5 {[#]} (44. Qf4 $1 $15) 44... Rce7 $1 $17 {[%cal Re7e5]} 45. Qd6 {[#]} e3 $1 {[%cal Re3e2]} 46. Qg6+ Kh8 {Threatens to win with ...e2.} 47. Qh6+ Kg8 {Hoping for ...e2.} 48. Qg6+ Rg7 49. Qxf5 e2 ({Black should play} 49... Re8 $1 $15 50. Qd5+ Kh7 51. Qd3+ Kh8) 50. Qc8+ $11 Kh7 (50... Kf7 $5 51. Qf5+ $8 Ke8 52. Qc8+ Kf7 53. Qf5+ Kg8 54. Qc8+ Kh7 55. Qc2+ Kg8 56. Qc8+ $11) 51. Qf5+ Kh6 (51... Kh8 $5 52. Qc8+ $8 Rg8 53. Qc3+ Rgg7 54. Qc8+ Kh7 55. Qc2+ Kh8 56. Qc8+ $11) 52. Qf6+ $2 {[%mdl 8192]} (52. Qf4+ $11 Rg5 53. Qd6+ Kxh5 54. Qh2+ Kg6 55. Qd6+ Kf5 56. Qxe7 Rg1+ 57. Kb2) 52... Kxh5 $19 53. Qf3+ Rg4 54. Qf5+ Rg5 {Black mates.} 55. Qf3+ Kg6 56. Qd3+ Rf5 57. Qxa6+ Kh5 {Precision: White = 56%, Black = 66%.} 0-1

[Event "TUR-chT Superleague 2018"]
[Site "Ankara"]
[Date "2018.07.25"]
[Round "1"]
[White "Ozen, Bahadir"]
[Black "Gulden, Egemen"]
[Result "1-0"]
[WhiteElo "2317"]
[BlackElo "2085"]
[Annotator "NA"]
[PlyCount "93"]
[EventDate "2018.07.25"]
[EventType "team-tourn"]
[EventCountry "TUR"]
[SourceTitle "playchess.com"]
[Source "ChessBase"]
[SourceQuality "1"]
[TimeControl "40/5400+30:1800+30"]

1. e4 {[%emt 0:00:30]} c5 {[%emt 0:00:30]} 2. Nf3 {[%emt 0:00:30]} d6 {[%emt 0:00:30]} 3. Bb5+ {[%emt 0:00:00]} Nd7 {[%emt 0:00:30]} 4. O-O {[%emt 0:01:00]} a6 {[%emt 0:02:30]} 5. Bxd7+ {[%emt 0:03:30]} Bxd7 {[%emt 0:00:30]} 6. d4 {[%emt 0:00:30]} cxd4 {[%emt 0:01:30]} 7. Qxd4 {[%emt 0:00:30]} e5 {[%emt 0:03:30]} 8. Qd3 {[%emt 0:01:30]} b5 {[%emt 0:04:30]} 9. Rd1 {[%emt 0:03:30]} Be6 {[%emt 0:09:30]} 10. Nc3 {[%emt 0:07:30]} Bc4 {[%emt 0:10:30]} 11. Qe3 {[%emt 0:03:30]} Qc7 {[%emt 0:01:30]} 12. b3 {[%emt 0:13:30]} Be6 {[%emt 0:00:00]} 13. Ba3 {[%emt 0:00:30]} Nf6 {[%emt 0:04:00]} 14. Bb4 {[%emt 0:05:30]} Rb8 {[%emt 0:05:30]} 15. Qd3 {[%emt 0:05:30]} Nd7 {[%emt 0:18:30]} 16. Nd5 {[%emt 0:01:30]} Qc6 {[%emt 0:07:30]} 17. a4 {[%emt 0:00:00]} Bxd5 {[%emt 0:06:30]} 18. exd5 {[%emt 0:02:00]} Qb6 {[%emt 0:02:19]} 19. axb5 {[%emt 0:00:30]} axb5 {[%emt 0:15:25]} 20. Qc3 {[%emt 0:02:30]} Be7 {[%emt 0:03:11]} 21. Qc6 {[%emt 0:00:30]} Qd8 {[%emt 0:01:22]} 22. Bxd6 {[%emt 0:00:30]} Rb6 {[%emt 0:00:33]} 23. Ra8 {[%emt 0:01:30]} Bxd6 {[%emt 0:00:46]} 24. Rxd8+ {[%emt 0:00:30]} Kxd8 {[%emt 0:00:00]} 25. Qc3 {[%emt 0:00:30]} Ke7 {[%emt 0:00:54]} 26. Ra1 {[%emt 0:00:00]} Rhb8 {[%emt 0:00:13]} 27. Qd3 {[%emt 0:02:00]} g6 {[%emt 0:00:34]} 28. Ng5 {[%emt 0:00:30]} h6 {[%emt 0:00:52]} 29. Ne4 {[%emt 0:00:30]} f5 {[%emt 0:00:19]} 30. Nxd6 {[%emt 0:00:30]} Rxd6 {[%emt 0:00:05]} 31. c4 {[%emt 0:00:30]} bxc4 {[%emt 0:00:30]} 32. bxc4 {[%emt 0:00:00]} Rc8 {[%emt 0:00:55]} 33. Ra7 {[%emt 0:01:00]} Kf6 {[%emt 0:00:30]} 34. Qa3 {[%emt 0:00:30]} Nc5 {[%emt 0:00:30]} 35. Qb4 {[%emt 0:00:30]} Kg5 {[%emt 0:00:29]} 36. h4+ {[%emt 0:01:30]} Kxh4 {[%emt 0:00:29]} 37. Ra5 {[%emt 0:00:30]} Ne4 {[%emt 0:00:45]} 38. f3 {[%emt 0:00:30]} Ng3 {[%emt 0:00:18]} 39. Qxd6 {[%emt 0:02:30]} Rxc4 {[%emt 0:00:22]} 40. Qf6+ {[%emt 0:00:00]} g5 {[%emt 0:00:00]} 41. Qxh6+ {[%emt 0:01:00]} Nh5 {[%emt 0:00:39]} 42. Kh2 {[%emt 0:00:30]} Rc2 {[%emt 0:00:30]} 43. Ra4+ {[%emt 0:00:30]} e4 {[%emt 0:00:30]} 44. fxe4 {[%emt 0:00:30]} g4 {[%emt 0:00:30]} 45. Qc6 {[%emt 0:03:30]} Rf2 {[%emt 0:03:30]} 46. exf5 {[%emt 0:01:30]} Rxf5 {[%emt 0:00:30]} 47. Qg6 {[%emt 0:00:30]} 1-0

[Event "TUR-chT Superleague 2018"]
[Site "Ankara"]
[Date "2018.07.25"]
[Round "1"]
[White "Ozenir, Ekin Baris"]
[Black "Yilmaz, Goktan"]
[Result "1/2-1/2"]
[WhiteElo "2300"]
[BlackElo "2233"]
[Annotator "NA"]
[PlyCount "100"]
[EventDate "2018.07.25"]
[EventType "team-tourn"]
[EventCountry "TUR"]
[SourceTitle "playchess.com"]
[Source "ChessBase"]
[SourceQuality "1"]
[TimeControl "40/5400+30:1800+30"]

1. d4 {[%emt 0:00:30]} d5 {[%emt 0:00:30]} 2. c4 {[%emt 0:00:30]} e6 {[%emt 0:00:30]} 3. Nc3 {[%emt 0:00:30]} Nf6 {[%emt 0:00:00]} 4. cxd5 {[%emt 0:01:30]} exd5 {[%emt 0:00:00]} 5. Bg5 {[%emt 0:00:30]} Be7 {[%emt 0:00:30]} 6. e3 {[%emt 0:00:30]} c6 {[%emt 0:00:30]} 7. Bd3 {[%emt 0:00:30]} Nbd7 {[%emt 0:00:30]} 8. Nge2 {[%emt 0:03:30]} Nh5 {[%emt 0:09:30]} 9. Bxe7 {[%emt 0:03:30]} Qxe7 {[%emt 0:00:30]} 10. O-O {[%emt 0:01:30]} O-O {[%emt 0:04:30]} 11. Qc2 {[%emt 0:04:30]} g6 {[%emt 0:00:30]} 12. Rae1 {[%emt 0:08:30]} Ndf6 {[%emt 0:11:30]} 13. Nc1 {[%emt 0:08:30]} Ng7 {[%emt 0:00:30]} 14. f3 {[%emt 0:07:30]} Be6 {[%emt 0:08:30]} 15. Nb3 {[%emt 0:08:30]} b6 {[%emt 0:02:30]} 16. e4 {[%emt 0:07:30]} Rac8 {[%emt 0:05:30]} 17. Qf2 {[%emt 0:11:30]} Rfd8 {[%emt 0:03:30]} 18. e5 {[%emt 0:05:30]} Nd7 {[%emt 0:02:30]} 19. f4 {[%emt 0:01:30]} Nb8 {[%emt 0:10:30]} 20. Rc1 {[%emt 0:03:41]} h5 {[%emt 0:02:30]} 21. Nd1 {[%emt 0:02:40]} Bf5 {[%emt 0:11:30]} 22. Be2 {[%emt 0:02:20]} a5 {[%emt 0:01:30]} 23. Nd2 {[%emt 0:08:37]} Nd7 {[%emt 0:03:30]} 24. Ne3 {[%emt 0:02:07]} Qb4 {[%emt 0:00:47]} 25. Ba6 {[%emt 0:01:21]} Rb8 {[%emt 0:06:02]} 26. Nf3 {[%emt 0:02:30]} Be4 {[%emt 0:04:26]} 27. Rxc6 {[%emt 0:02:00]} Nf8 {[%emt 0:00:34]} 28. Rcc1 {[%emt 0:01:41]} Nfe6 {[%emt 0:02:21]} 29. a3 {[%emt 0:00:25]} Qa4 {[%emt 0:00:46]} 30. Be2 {[%emt 0:00:33]} Nxf4 {[%emt 0:07:19]} 31. Bd1 {[%emt 0:00:23]} Qd7 {[%emt 0:00:00]} 32. Qg3 {[%emt 0:00:39]} Nfe6 {[%emt 0:01:04]} 33. Ng5 {[%emt 0:00:29]} Nxg5 {[%emt 0:00:52]} 34. Qxg5 {[%emt 0:00:02]} Ne6 {[%emt 0:00:22]} 35. Qg3 {[%emt 0:00:42]} Nxd4 {[%emt 0:01:11]} 36. Bxh5 {[%emt 0:00:22]} Kg7 {[%emt 0:00:03]} 37. Rcd1 {[%emt 0:00:31]} Nf5 {[%emt 0:00:32]} 38. Nxf5+ {[%emt 0:00:51]} Bxf5 {[%emt 0:00:01]} 39. Rd4 {[%emt 0:00:28]} Qe6 {[%emt 0:01:04]} 40. Bf3 {[%emt 0:00:00]} Rbc8 {[%emt 0:00:00]} 41. Rfd1 {[%emt 0:07:38]} Rc5 {[%emt 0:05:36]} 42. Qg5 {[%emt 0:15:37]} Re8 {[%emt 0:15:30]} 43. Rxd5 {[%emt 0:02:31]} Rxd5 {[%emt 0:00:56]} 44. Rxd5 {[%emt 0:00:06]} Qc6 {[%emt 0:00:32]} 45. Qd2 {[%emt 0:03:39]} Be6 {[%emt 0:03:25]} 46. Rd3 {[%emt 0:03:08]} Qb5 {[%emt 0:02:44]} 47. Re3 {[%emt 0:00:52]} Rc8 {[%emt 0:00:01]} 48. h3 {[%emt 0:00:47]} Qa4 {[%emt 0:04:30]} 49. Rc3 {[%emt 0:00:42]} Rxc3 {[%emt 0:01:32]} 50. Qxc3 {[%emt 0:00:01]} Qf4 {[%emt 0:00:05]} 1/2-1/2

[Event "TUR-chT Superleague 2018"]
[Site "Ankara"]
[Date "2018.07.25"]
[Round "1"]
[White "Keler, Faruk"]
[Black "Apaydin, Fethi"]
[Result "0-1"]
[WhiteElo "2286"]
[BlackElo "2353"]
[Annotator "NA"]
[PlyCount "124"]
[EventDate "2018.07.25"]
[EventType "team-tourn"]
[EventCountry "TUR"]
[SourceTitle "playchess.com"]
[Source "ChessBase"]
[SourceQuality "1"]
[TimeControl "40/5400+30:1800+30"]

1. d4 {[%emt 0:00:30]} Nf6 {[%emt 0:00:30]} 2. Nf3 {[%emt 0:00:30]} g6 {[%emt 0:00:00]} 3. g3 {[%emt 0:00:00]} Bg7 {[%emt 0:00:00]} 4. Bg2 {[%emt 0:00:00]} O-O {[%emt 0:00:30]} 5. O-O {[%emt 0:00:30]} d6 {[%emt 0:00:30]} 6. b3 {[%emt 0:00:00]} Nbd7 {[%emt 0:00:30]} 7. Bb2 {[%emt 0:03:00]} Re8 {[%emt 0:02:30]} 8. c4 {[%emt 0:03:30]} c6 {[%emt 0:00:30]} 9. Nc3 {[%emt 0:05:30]} e5 {[%emt 0:00:30]} 10. e4 {[%emt 0:04:30]} exd4 {[%emt 0:01:30]} 11. Nxd4 {[%emt 0:00:30]} Nc5 {[%emt 0:01:30]} 12. Qc2 {[%emt 0:10:30]} a5 {[%emt 0:06:30]} 13. Rad1 {[%emt 0:02:30]} Qb6 {[%emt 0:01:30]} 14. Nde2 {[%emt 0:02:30]} a4 {[%emt 0:17:30]} 15. Nxa4 {[%emt 0:07:30]} Nxa4 {[%emt 0:03:30]} 16. bxa4 {[%emt 0:00:30]} Qb4 {[%emt 0:06:30]} 17. Nc3 {[%emt 0:14:30]} Be6 {[%emt 0:01:30]} 18. Qb3 {[%emt 0:02:30]} Qxc4 {[%emt 0:05:30]} 19. Qxc4 {[%emt 0:06:30]} Bxc4 {[%emt 0:00:30]} 20. Rfe1 {[%emt 0:00:00]} d5 {[%emt 0:12:30]} 21. exd5 {[%emt 0:01:00]} Rxe1+ {[%emt 0:02:30]} 22. Rxe1 {[%emt 0:02:30]} Nxd5 {[%emt 0:02:30]} 23. Nxd5 {[%emt 0:02:30]} cxd5 {[%emt 0:02:30]} 24. Bxg7 {[%emt 0:04:30]} Kxg7 {[%emt 0:00:00]} 25. Rd1 {[%emt 0:02:30]} Ra5 {[%emt 0:02:00]} 26. Rd2 {[%emt 0:02:30]} Kf6 {[%emt 0:00:30]} 27. f4 {[%emt 0:00:00]} h5 {[%emt 0:08:30]} 28. Rb2 {[%emt 0:03:00]} Rxa4 {[%emt 0:01:30]} 29. Rb6+ {[%emt 0:00:30]} Kg7 {[%emt 0:00:30]} 30. Rxb7 {[%emt 0:00:47]} Rxa2 {[%emt 0:00:30]} 31. Bh3 {[%emt 0:05:52]} Re2 {[%emt 0:03:28]} 32. Rb1 {[%emt 0:02:42]} Bd3 {[%emt 0:03:46]} 33. Rb7 {[%emt 0:01:19]} Bc4 {[%emt 0:08:06]} 34. Rb1 {[%emt 0:00:03]} Rd2 {[%emt 0:00:39]} 35. Rb4 {[%emt 0:02:00]} Rd1+ {[%emt 0:01:58]} 36. Kf2 {[%emt 0:00:30]} Rd2+ {[%emt 0:00:30]} 37. Kg1 {[%emt 0:00:00]} Ba2 {[%emt 0:00:00]} 38. Bf1 {[%emt 0:04:11]} Kf6 {[%emt 0:00:09]} 39. Bh3 {[%emt 0:06:11]} d4 {[%emt 0:01:59]} 40. Rb6+ {[%emt 0:00:00]} Ke7 {[%emt 0:00:00]} 41. f5 {[%emt 0:15:51]} gxf5 {[%emt 0:06:55]} 42. Bxf5 {[%emt 0:00:02]} Bd5 {[%emt 0:00:30]} 43. Bh3 {[%emt 0:01:54]} Rd1+ {[%emt 0:02:30]} 44. Kf2 {[%emt 0:00:59]} Rh1 {[%emt 0:00:30]} 45. Bf1 {[%emt 0:03:14]} Rxh2+ {[%emt 0:00:30]} 46. Ke1 {[%emt 0:00:04]} h4 {[%emt 0:08:48]} 47. gxh4 {[%emt 0:01:20]} Rxh4 {[%emt 0:00:28]} 48. Kd2 {[%emt 0:00:30]} Be4 {[%emt 0:01:17]} 49. Rb4 {[%emt 0:00:25]} Bg6 {[%emt 0:00:09]} 50. Be2 {[%emt 0:01:36]} Kd6 {[%emt 0:01:24]} 51. Ra4 {[%emt 0:01:10]} Ke5 {[%emt 0:02:11]} 52. Ra5+ {[%emt 0:00:38]} Kf4 {[%emt 0:00:19]} 53. Ra4 {[%emt 0:00:51]} Kg3 {[%emt 0:01:09]} 54. Ra3+ {[%emt 0:00:14]} d3 {[%emt 0:02:50]} 55. Bd1 {[%emt 0:03:23]} Kf2 {[%emt 0:01:38]} 56. Ra6 {[%emt 0:00:18]} Rf4 {[%emt 0:00:37]} 57. Rd6 {[%emt 0:00:22]} Be4 {[%emt 0:03:00]} 58. Bb3 {[%emt 0:00:56]} f5 {[%emt 0:00:17]} 59. Bc4 {[%emt 0:01:30]} Rf3 {[%emt 0:00:49]} 60. Bb3 {[%emt 0:03:26]} Re3 {[%emt 0:00:55]} 61. Bd1 {[%emt 0:00:30]} Re2+ {[%emt 0:00:30]} 62. Kc1 {[%emt 0:00:30]} Ke3 {[%emt 0:00:16]} 0-1

[Event "TUR-chT Superleague 2018"]
[Site "Ankara"]
[Date "2018.07.25"]
[Round "1"]
[White "Tasdogen, Dincer"]
[Black "Kilic, Gokturk Kagan"]
[Result "1-0"]
[WhiteElo "2280"]
[BlackElo "1931"]
[Annotator "NA"]
[PlyCount "91"]
[EventDate "2018.07.25"]
[EventType "team-tourn"]
[EventCountry "TUR"]
[SourceTitle "playchess.com"]
[Source "ChessBase"]
[SourceQuality "1"]
[TimeControl "40/5400+30:1800+30"]

1. e4 {[%emt 0:00:30]} c5 {[%emt 0:00:30]} 2. Nf3 {[%emt 0:00:00]} e6 {[%emt 0:00:30]} 3. d4 {[%emt 0:00:00]} cxd4 {[%emt 0:00:30]} 4. Nxd4 {[%emt 0:00:00]} a6 {[%emt 0:01:30]} 5. Bd3 {[%emt 0:00:00]} Nf6 {[%emt 0:01:30]} 6. O-O {[%emt 0:00:30]} Qc7 {[%emt 0:01:30]} 7. Qe2 {[%emt 0:01:30]} Nc6 {[%emt 0:03:30]} 8. Nxc6 {[%emt 0:01:30]} dxc6 {[%emt 0:03:30]} 9. e5 {[%emt 0:05:30]} Nd7 {[%emt 0:15:30]} 10. Bf4 {[%emt 0:01:30]} Be7 {[%emt 0:09:30]} 11. Re1 {[%emt 0:04:30]} b5 {[%emt 0:22:30]} 12. Nd2 {[%emt 0:17:30]} Nc5 {[%emt 0:14:30]} 13. Ne4 {[%emt 0:04:30]} Nxe4 {[%emt 0:05:25]} 14. Bxe4 {[%emt 0:00:30]} Bb7 {[%emt 0:00:50]} 15. a4 {[%emt 0:02:30]} Rb8 {[%emt 0:03:49]} 16. Qf3 {[%emt 0:09:30]} b4 {[%emt 0:10:54]} 17. Rad1 {[%emt 0:14:30]} c5 {[%emt 0:00:51]} 18. Bxb7 {[%emt 0:09:30]} Qxb7 {[%emt 0:00:30]} 19. Qg4 {[%emt 0:00:30]} g6 {[%emt 0:01:27]} 20. Bg5 {[%emt 0:00:30]} Bxg5 {[%emt 0:00:40]} 21. Qxg5 {[%emt 0:00:00]} O-O {[%emt 0:00:26]} 22. Qf6 {[%emt 0:01:00]} Rfe8 {[%emt 0:00:30]} 23. Rd6 {[%emt 0:00:30]} a5 {[%emt 0:00:30]} 24. h4 {[%emt 0:04:30]} Qe7 {[%emt 0:00:34]} 25. Qxe7 {[%emt 0:01:30]} Rxe7 {[%emt 0:00:30]} 26. Ra6 {[%emt 0:00:00]} Rd7 {[%emt 0:00:30]} 27. Rxa5 {[%emt 0:01:00]} Rd2 {[%emt 0:00:59]} 28. Rxc5 {[%emt 0:00:30]} b3 {[%emt 0:00:00]} 29. Rc1 {[%emt 0:01:27]} bxc2 {[%emt 0:00:32]} 30. R5xc2 {[%emt 0:00:30]} Rxb2 {[%emt 0:00:30]} 31. Rxd2 {[%emt 0:00:30]} Rxd2 {[%emt 0:00:30]} 32. Ra1 {[%emt 0:00:30]} Rd8 {[%emt 0:00:30]} 33. a5 {[%emt 0:02:14]} Ra8 {[%emt 0:00:30]} 34. a6 {[%emt 0:02:47]} Ra7 {[%emt 0:00:18]} 35. Kf1 {[%emt 0:01:18]} Kf8 {[%emt 0:00:32]} 36. Ke2 {[%emt 0:01:03]} Ke7 {[%emt 0:00:30]} 37. Kd3 {[%emt 0:00:00]} Kd7 {[%emt 0:00:33]} 38. Kc4 {[%emt 0:00:00]} Kc6 {[%emt 0:00:30]} 39. Rd1 {[%emt 0:00:00]} Rxa6 {[%emt 0:00:44]} 40. Rd6+ {[%emt 0:00:00]} Kb7 {[%emt 0:00:29]} 41. Rxa6 {[%emt 0:01:11]} Kxa6 {[%emt 0:30:30]} 42. Kc5 {[%emt 0:00:00]} Ka5 {[%emt 0:00:00]} 43. Kd6 {[%emt 0:00:00]} Kb6 {[%emt 0:00:00]} 44. Ke7 {[%emt 0:00:30]} Kc6 {[%emt 0:00:00]} 45. Kxf7 {[%emt 0:00:30]} Kd5 {[%emt 0:00:00]} 46. f4 {[%emt 0:00:00]} 1-0

[Event "TUR-chT Superleague 2018"]
[Site "Ankara"]
[Date "2018.07.25"]
[Round "1"]
[White "Isik, Alparslan"]
[Black "Kara, Yanki"]
[Result "1-0"]
[WhiteElo "2212"]
[BlackElo "2120"]
[Annotator "NA"]
[PlyCount "73"]
[EventDate "2018.07.25"]
[EventType "team-tourn"]
[EventCountry "TUR"]
[SourceTitle "playchess.com"]
[Source "ChessBase"]
[SourceQuality "1"]
[TimeControl "40/5400+30:1800+30"]

1. d4 {[%emt 0:00:30]} Nf6 {[%emt 0:00:30]} 2. c4 {[%emt 0:00:30]} e6 {[%emt 0:00:00]} 3. Nf3 {[%emt 0:00:00]} d5 {[%emt 0:00:00]} 4. Nc3 {[%emt 0:00:00]} Be7 {[%emt 0:00:30]} 5. Bf4 {[%emt 0:00:30]} O-O {[%emt 0:01:30]} 6. e3 {[%emt 0:00:30]} b6 {[%emt 0:01:30]} 7. Bd3 {[%emt 0:02:30]} Bb7 {[%emt 0:01:30]} 8. cxd5 {[%emt 0:00:30]} exd5 {[%emt 0:03:30]} 9. O-O {[%emt 0:01:30]} a6 {[%emt 0:03:30]} 10. Rc1 {[%emt 0:04:30]} Nbd7 {[%emt 0:01:30]} 11. Ne5 {[%emt 0:03:30]} c5 {[%emt 0:15:30]} 12. Qf3 {[%emt 0:12:30]} Rc8 {[%emt 0:04:30]} 13. Bf5 {[%emt 0:03:30]} g6 {[%emt 0:34:30]} 14. Bh3 {[%emt 0:04:30]} Kg7 {[%emt 0:02:30]} 15. Bxd7 {[%emt 0:06:30]} Nxd7 {[%emt 0:01:30]} 16. Qh3 {[%emt 0:00:30]} Nxe5 {[%emt 0:01:30]} 17. Bh6+ {[%emt 0:00:00]} Kg8 {[%emt 0:04:30]} 18. Bxf8 {[%emt 0:01:00]} Bxf8 {[%emt 0:00:30]} 19. dxe5 {[%emt 0:00:00]} Bg7 {[%emt 0:01:56]} 20. Rfd1 {[%emt 0:08:00]} d4 {[%emt 0:04:24]} 21. exd4 {[%emt 0:03:30]} cxd4 {[%emt 0:00:30]} 22. e6 {[%emt 0:00:00]} f5 {[%emt 0:01:07]} 23. Ne2 {[%emt 0:01:00]} Rxc1 {[%emt 0:04:41]} 24. Nxc1 {[%emt 0:00:30]} Bd5 {[%emt 0:02:21]} 25. Re1 {[%emt 0:01:30]} Qe7 {[%emt 0:01:12]} 26. Qg3 {[%emt 0:08:30]} Bf8 {[%emt 0:04:24]} 27. Qe5 {[%emt 0:00:30]} Ba8 {[%emt 0:00:25]} 28. Qxd4 {[%emt 0:00:30]} Qg5 {[%emt 0:00:48]} 29. g3 {[%emt 0:00:30]} Bc5 {[%emt 0:00:16]} 30. Qf4 {[%emt 0:01:30]} Qd8 {[%emt 0:00:35]} 31. Qc4 {[%emt 0:05:30]} Qe7 {[%emt 0:01:13]} 32. Qxa6 {[%emt 0:02:30]} Bb7 {[%emt 0:00:30]} 33. Qb5 {[%emt 0:00:30]} f4 {[%emt 0:00:30]} 34. Nd3 {[%emt 0:03:30]} fxg3 {[%emt 0:00:39]} 35. hxg3 {[%emt 0:02:30]} Qg5 {[%emt 0:00:33]} 36. Nxc5 {[%emt 0:00:00]} Qh5 {[%emt 0:00:57]} 37. Qe8+ {[%emt 0:01:00]} 1-0